अमलतास / (Record no. 111517)

MARC details
000 -LEADER
fixed length control field 01062nam a22002777a 4500
003 - CONTROL NUMBER IDENTIFIER
control field dpl
005 - DATE AND TIME OF LATEST TRANSACTION
control field 20190211133542.0
008 - FIXED-LENGTH DATA ELEMENTS--GENERAL INFORMATION
fixed length control field 190211b ||||| |||| 00| 0 eng d
010 ## - LIBRARY OF CONGRESS CONTROL NUMBER
LC control number B-034427
020 ## - INTERNATIONAL STANDARD BOOK NUMBER
Terms of availability 100.00
035 ## - SYSTEM CONTROL NUMBER
System control number B-034427, B-034431
037 ## - SOURCE OF ACQUISITION
Source of stock number/acquisition Cen Lib/Ret
040 ## - CATALOGING SOURCE
Original cataloging agency DPL
Language of cataloging HN
Transcribing agency 0
082 ## - DEWEY DECIMAL CLASSIFICATION NUMBER
Classification number 821
Item number दुबेज
100 ## - MAIN ENTRY--PERSONAL NAME
Personal name दुबे, जनार्दन
9 (RLIN) 43255
245 ## - TITLE STATEMENT
Title अमलतास /
Statement of responsibility, etc जनार्दन दुबे
246 ## - VARYING FORM OF TITLE
Title proper/short title Amaltaas
Remainder of title by Janardan Dubey
260 ## - PUBLICATION, DISTRIBUTION, ETC. (IMPRINT)
Name of publisher, distributor, etc सत्य प्रकाशन
Place of publication, distribution, etc दिल्ली
Date of publication, distribution, etc 2001
270 ## - ADDRESS
Address एफ-78, गली न.2, सुभाष विहार, उत्तरी घोण्डा
City दिल्ली
Postal code 110053
300 ## - PHYSICAL DESCRIPTION
Extent 103पृ.
Dimensions 20सेमी (सजिल्द)
650 ## - SUBJECT ADDED ENTRY--TOPICAL TERM
Topical term or geographic name as entry element हिंदी - कविता
9 (RLIN) 43256
650 ## - SUBJECT ADDED ENTRY--TOPICAL TERM
Topical term or geographic name as entry element हिंदी साहित्य
9 (RLIN) 43257
650 ## - SUBJECT ADDED ENTRY--TOPICAL TERM
Topical term or geographic name as entry element Hindi - poetry
9 (RLIN) 43258
650 ## - SUBJECT ADDED ENTRY--TOPICAL TERM
Topical term or geographic name as entry element Hindi literature
9 (RLIN) 43259
942 ## - ADDED ENTRY ELEMENTS (KOHA)
Source of classification or shelving scheme Dewey Decimal Classification
Koha item type Hindi Books
Classification part 821
Call number suffix दुबेज
Holdings
Withdrawn status Lost status Damaged status Not for loan Home library Current library Date acquired Source of acquisition Cost, normal purchase price Total Checkouts Full call number Barcode Date last seen Copy number Cost, replacement price Price effective from Koha item type Source of classification or shelving scheme Collection code
        Central Library Central Library 03/08/2015 Cen Lib/Ret 100.00   821 दुबेज B-034427 03/08/2015 1 100.00 03/08/2015 Hindi Books    
        Shahdara Branch Shahdara Branch 11/02/2019 BPPD/PUB 100.00   821 दुबेज B-034431 11/02/2019   100.00 11/02/2019 Hindi Books Dewey Decimal Classification Non-fiction

© Delhi Public Library
Hit Counter
free hit counter